Educación para la vida nacional
Saved in:
| Hovedforfatter: | |
|---|---|
| Format: | Bog |
| Sprog: | spansk |
| Udgivet: |
Buenos Aires
Losada
1946
|
| Serier: | Cristal del tiempo
|
| Fag: | |
| Tags: |
Tilføj Tag
Ingen Tags, Vær først til at tagge denne postø!
|
MARC
| LEADER | 00000nam a2200000 a 4500 | ||
|---|---|---|---|
| 001 | UCY4439 | ||
| 003 | CL-VaPUC | ||
| 008 | 950313e19460000AG |||||||||||||||||spa|d | ||
| 082 | 0 | 4 | |a 370.1 |b REI |2 21 |
| 100 | 0 | |a Reissig, Luis |e author |9 332880 | |
| 245 | 1 | 0 | |a Educación para la vida nacional |
| 300 | |a 185 p | ||
| 942 | |c BK | ||
| 945 | |d 19950313 00:00:00 |a rbrito | ||
| 260 | |a Buenos Aires |b Losada |c 1946 | ||
| 650 | 0 | |a Filosofía de la educación |9 258384 | |
| 583 | |a last modification |c 19950313 00:00:00 |k Rodrigo Vera | ||
| 490 | 0 | |a Cristal del tiempo | |
| 999 | |c 232301 |d 232299 | ||
| 952 | |0 0 |1 0 |4 0 |6 370_100000000000000_REI_1946 |7 0 |8 P |9 236429 |a BIBEDU |b BIBEDU |c BIBEDU_PB |d 2019-11-15 |i 3063674 |o 370.1 REI 1946 |p 3063674 |r 2024-01-25 |w 2019-11-15 |y BK |k EDU | ||